KOHA-Header-6

Artificial Intelligence: A Modern Approach (Record no. 13874)

000 -LEADER
fixed length control field 00321nam a22001337a 4500
020 ## - INTERNATIONAL STANDARD BOOK NUMBER
ISBN 978-0136042594
082 ## - DEWEY DECIMAL CLASSIFICATION NUMBER
Classification number 006.3
100 ## - MAIN ENTRY--AUTHOR NAME
Personal name Stuart Russell & Peter Norvig
245 ## - TITLE STATEMENT
Title Artificial Intelligence: A Modern Approach
250 ## - EDITION STATEMENT
Edition statement 4th edition
260 ## - PUBLICATION, DISTRIBUTION, ETC. (IMPRINT)
Place of publication UK
Name of publisher Pearson
Year of publication 2022
300 ## - PHYSICAL DESCRIPTION
Number of Pages 1152 pages
942 ## - ADDED ENTRY ELEMENTS (KOHA)
Koha item type Books
Holdings
Withdrawn status Lost status Collection code Permanent Location Current Location Shelving location Date acquired Full call number Accession Number Koha item type
    Computer Science MAJU MAJU Shelf No.A33 2024-01-02 006.3 10968 Books

Powered by Koha